000 01816cam a22005174i 4500
003 PE-LiUPU
005 20250731165615.0
008 150706s r 000 0 d
035 _a(Sirsi) a52565
035 _a(Sirsi) a52565
040 _aPE-LiUPU
_bspa
_cPE-LiUPU
_erda
049 _aPRUA
082 0 4 _a720.3
_bA7
_221
245 0 1 _aArquitectura moderna de la A a la L /
_ceditor Laszlo Taschen; Incluye textos de Katja Gazey . [et al.].
264 1 _aBarcelona :
_bKöln Taschen,
_c2011.
300 _a302 páginas :
_bilustraciones ;
_c31 cm.
336 _atext
_2rdacontent
337 _aunmediated
_2rdamedia
338 _avolume
_2rdacarrier
505 0 _aDe A a L.
526 _aSEG44
526 _aSEG26
526 _aP151
526 _aP150
526 _aP149
526 _aP146
526 _aP145
526 _aP126
526 _aP125
526 _aP92
526 _aP75
526 _aP74
526 _aP27
526 _aP15
541 _g015-0015391;
650 0 4 _aArquitectura
_vDiccionarios
_ySiglos XX-XXI .
650 0 4 _aArquitectos
_vDiccionarios
_ySiglos XX-XXI.
700 1 _aTaschen, Laszlo,
_eed.
700 1 _aGazey, Katja.
910 _cbd
_d20130617
942 _2ddc
_cBOOK
949 _aRC 720.3 A7 1
_wDEWEY
_c1
_i67561
_lRC
_mBUL
_p40.00
_r0
_sY
_tBOOK
_u2015-7-6
_xINGENIERIA
_PP06
_0COMPRA
_o.CIRCNOTE. No olvidar cambiar la fecha de devolución!!!!!!!
_o.STAFF. Colección General
994 _aC0
_bPEPRU
596 _a1
999 _aRC 720.3 A7 1
_wDEWEY
_c55188
_i67561
_d55188
_f2021-11-9
_g7
_lCCODEBUL1
_mBUL
_p40.00
_q1
_r0
_sY
_tBOOK
_u2015-7-6
_xINGENIERIA
_PP06
_0COMPRA
_o.CIRCNOTE. No olvidar cambiar la fecha de devolución!!!!!!!
_o.STAFF. Colección General
980 _81
_gALBERTO SANCHEZ Responsable de Automatización